[Event "Benidorm Satellite preliminary"]
[Site "playchess.com #007036"]
[Date "2009.10.24"]
[Round "4"]
[White "Thin_white_duke"]
[Black "Thanasis892"]
[Result "1-0"]
[WhiteElo "2337"]
[BlackElo "1923"]
[PlyCount "87"]
[EventDate "2009.10.24"]
[EventType "swiss (blitz)"]

1. d4 {[%emt 0:00:02]} d5 {[%emt 0:00:01]} 2. c4 {[%emt 0:00:01]} c6 {[%emt 0:
00:02]} 3. Nf3 {[%emt 0:00:01]} Nf6 {[%emt 0:00:01]} 4. Nc3 {[%emt 0:00:02]} e6
{[%emt 0:00:03]} 5. g3 {[%emt 0:00:02]} Be7 {[%emt 0:00:08]} 6. Bg2 {[%emt 0:
00:01]} O-O {[%emt 0:00:01]} 7. O-O {[%emt 0:00:00]} a5 {[%emt 0:00:06]} 8. b3
{[%emt 0:00:08]} Bd7 {[%emt 0:00:12]} 9. Ne5 {[%emt 0:00:04]} Qc7 {[%emt 0:00:
24]} 10. Bf4 {[%emt 0:00:11]} Bd6 {[%emt 0:00:03]} 11. c5 {[%emt 0:00:04]} Bxe5
{[%emt 0:00:05]} 12. Bxe5 {[%emt 0:00:01]} Qd8 {[%emt 0:00:01]} 13. e4 {[%emt
0:00:01]} dxe4 {[%emt 0:00:03]} 14. Nxe4 {[%emt 0:00:01]} Nxe4 {[%emt 0:00:01]}
15. Bxe4 {[%emt 0:00:01]} Na6 {[%emt 0:00:03]} 16. Re1 {[%emt 0:00:05]} Nb4 {
[%emt 0:00:04]} 17. Qh5 {[%emt 0:00:06]} f5 {[%emt 0:00:09]} 18. Bb1 {[%emt 0:
00:06]} Nd5 {[%emt 0:00:02]} 19. a3 {[%emt 0:00:09]} Be8 {[%emt 0:00:52]} 20.
Qf3 {[%emt 0:00:03]} Bd7 {[%emt 0:00:05]} 21. Ra2 {[%emt 0:00:09]} Qe8 {[%emt
0:00:03]} 22. Rae2 {[%emt 0:00:03]} Qf7 {[%emt 0:00:03]} 23. Bd6 {[%emt 0:00:
04]} Rfe8 {[%emt 0:00:01]} 24. Bd3 {[%emt 0:00:04]} Nc3 {[%emt 0:00:06]} 25.
Rc2 {[%emt 0:00:05]} Nd5 {[%emt 0:00:01]} 26. Bc4 {[%emt 0:00:04]} h6 {[%emt 0:
00:17]} 27. Rce2 {[%emt 0:00:07]} Kh7 {[%emt 0:00:03]} 28. Re5 {[%emt 0:00:08]}
Kg8 {[%emt 0:00:03]} 29. h4 {[%emt 0:00:02]} Rac8 {[%emt 0:00:09]} 30. h5 {
[%emt 0:00:06]} Ra8 {[%emt 0:00:01]} 31. Bd3 {[%emt 0:00:03]} Rac8 {[%emt 0:00:
02]} 32. Bb1 {[%emt 0:00:07]} Ra8 {[%emt 0:00:02]} 33. g4 {[%emt 0:00:02]} fxg4
{[%emt 0:00:14]} 34. Qxg4 {[%emt 0:00:13]} Nf6 {[%emt 0:00:15]} 35. Qf3 {[%emt
0:00:15]} Nd5 {[%emt 0:00:12]} 36. Qd3 {[%emt 0:00:04]} g6 {[%emt 0:00:09]} 37.
hxg6 {[%emt 0:00:01]} Qf4 {[%emt 0:00:02]} 38. R5e4 {[%emt 0:00:03]} Qg5+ {
[%emt 0:00:01]} 39. Qg3 {[%emt 0:00:03]} Qxg3+ {[%emt 0:00:02]} 40. fxg3 {
[%emt 0:00:01]} Kg7 {[%emt 0:00:00]} 41. Be5+ {[%emt 0:00:08]} Kxg6 {[%emt 0:
00:03]} 42. Rh4+ {[%emt 0:00:10] .} Kg5 {[%emt 0:00:05]} 43. Ree4 {[%emt 0:00:
05]} Rf8 {[%emt 0:00:02]} 44. Reg4# {[%emt 0:00:02]} 1-0

[Event "Benidorm Satellite preliminary"]
[Site "playchess.com #007036"]
[Date "2009.10.24"]
[Round "4"]
[White "Retep1"]
[Black "Musterlukas"]
[Result "1-0"]
[WhiteElo "1671"]
[BlackElo "1812"]
[PlyCount "61"]
[EventDate "2009.10.24"]
[EventType "swiss (blitz)"]

1. d4 {[%emt 0:00:10]} d5 {[%emt 0:00:02]} 2. c4 {[%emt 0:00:04]} e6 {[%emt 0:
00:01]} 3. Nf3 {[%emt 0:00:13]} Nf6 {[%emt 0:00:02]} 4. Nc3 {[%emt 0:00:15]}
Be7 {[%emt 0:00:02]} 5. Bg5 {[%emt 0:00:05]} h6 {[%emt 0:00:02]} 6. Bh4 {[%emt
0:00:05]} O-O {[%emt 0:00:02]} 7. e3 {[%emt 0:00:04]} b6 {[%emt 0:00:02]} 8.
cxd5 {[%emt 0:00:04]} exd5 {[%emt 0:00:02]} 9. Bd3 {[%emt 0:00:06]} Bb7 {[%emt
0:00:03]} 10. O-O {[%emt 0:00:04]} Nbd7 {[%emt 0:00:02]} 11. Rc1 {[%emt 0:00:
04]} c5 {[%emt 0:00:04]} 12. Bb1 {[%emt 0:00:05]} Rc8 {[%emt 0:00:16]} 13. Qd3
{[%emt 0:00:15]} Ne4 {[%emt 0:00:02]} 14. Bg3 {[%emt 0:00:07]} Ndf6 {[%emt 0:
00:05]} 15. Ne5 {[%emt 0:00:04]} cxd4 {[%emt 0:00:08]} 16. Qxd4 {[%emt 0:00:14]
} Bc5 {[%emt 0:00:08]} 17. Qa4 {[%emt 0:00:04]} Nxg3 {[%emt 0:00:07]} 18. hxg3
{[%emt 0:00:05]} d4 {[%emt 0:00:10]} 19. Rcd1 {[%emt 0:00:05]} Qe7 {[%emt 0:00:
09]} 20. exd4 {[%emt 0:00:08]} Bxd4 {[%emt 0:00:07]} 21. Qxd4 {[%emt 0:00:06]}
Rfd8 {[%emt 0:00:06]} 22. Qf4 {[%emt 0:00:11]} Rxd1 {[%emt 0:00:37]} 23. Rxd1 {
[%emt 0:00:03]} Qc5 {[%emt 0:00:01]} 24. Nd7 {[%emt 0:00:14]} Nxd7 {[%emt 0:00:
06]} 25. Rxd7 {[%emt 0:00:07]} Rf8 {[%emt 0:01:12] '} 26. Rxb7 {[%emt 0:00:04]}
a6 {[%emt 0:00:03]} 27. Be4 {[%emt 0:00:14]} b5 {[%emt 0:00:03]} 28. Bd5 {
[%emt 0:00:05]} b4 {[%emt 0:00:04]} 29. Rxf7 {[%emt 0:00:06]} Rxf7 {[%emt 0:00:
04]} 30. Qxf7+ {[%emt 0:00:02]} Kh8 {[%emt 0:00:01]} 31. Qg8# {[%emt 0:00:02]}
1-0

[Event "Benidorm Satellite preliminary"]
[Site "playchess.com #007036"]
[Date "2009.10.24"]
[Round "4"]
[White "Alexiz"]
[Black "Misu2008"]
[Result "1-0"]
[WhiteElo "1678"]
[BlackElo "1796"]
[PlyCount "67"]
[EventDate "2009.10.24"]
[EventType "swiss (blitz)"]

1. d4 {[%emt 0:00:04]} d5 {[%emt 0:00:02]} 2. c4 {[%emt 0:00:02]} c6 {[%emt 0:
00:01]} 3. cxd5 {[%emt 0:00:02]} cxd5 {[%emt 0:00:02]} 4. Bf4 {[%emt 0:00:01]}
Nc6 {[%emt 0:00:02]} 5. e3 {[%emt 0:00:01]} Nf6 {[%emt 0:00:06]} 6. Nc3 {[%emt
0:00:01]} a6 {[%emt 0:00:09]} 7. Bd3 {[%emt 0:00:02]} Bg4 {[%emt 0:00:05]} 8.
Nge2 {[%emt 0:00:02]} e6 {[%emt 0:00:02]} 9. f3 {[%emt 0:00:01]} Bh5 {[%emt 0:
00:03]} 10. O-O {[%emt 0:00:02]} Bd6 {[%emt 0:00:01]} 11. Rc1 {[%emt 0:00:03]}
O-O {[%emt 0:00:10]} 12. Na4 {[%emt 0:00:02]} Bg6 {[%emt 0:00:13]} 13. Bxg6 {
[%emt 0:00:03]} hxg6 {[%emt 0:00:01]} 14. Qb3 {[%emt 0:00:02]} Na5 {[%emt 0:00:
14]} 15. Qb6 {[%emt 0:00:02]} Bxf4 {[%emt 0:00:23]} 16. Nxf4 {[%emt 0:00:03]}
Nc4 {[%emt 0:00:02]} 17. Qxb7 {[%emt 0:00:24]} Qa5 {[%emt 0:00:46]} 18. Nc5 {
[%emt 0:00:11]} Nxe3 {[%emt 0:00:29]} 19. Rf2 {[%emt 0:00:16]} Rfb8 {[%emt 0:
00:11]} 20. Qe7 {[%emt 0:00:06]} Nf5 {[%emt 0:00:02]} 21. Nb7 {[%emt 0:00:21]}
Qa4 {[%emt 0:00:20]} 22. Qc7 {[%emt 0:00:04]} Qxd4 {[%emt 0:00:04]} 23. Nh3 {
[%emt 0:00:44] .} Rc8 {[%emt 0:00:02]} 24. Qxc8+ {[%emt 0:00:05]} Rxc8 {[%emt
0:00:01]} 25. Rxc8+ {[%emt 0:00:02]} Kh7 {[%emt 0:00:00]} 26. Ng5+ {[%emt 0:00:
12]} Kh6 {[%emt 0:00:01]} 27. Nxf7+ {[%emt 0:00:02]} Kh5 {[%emt 0:00:01]} 28.
Rh8+ {[%emt 0:00:07]} Nh6 {[%emt 0:00:01]} 29. g4+ {[%emt 0:00:14]} Nfxg4 {
[%emt 0:00:09]} 30. fxg4+ {[%emt 0:00:03]} Kh4 {[%emt 0:00:01]} 31. Nxh6 {
[%emt 0:00:06]} Qd1+ {[%emt 0:00:09]} 32. Kg2 {[%emt 0:00:07]} Qxg4+ {[%emt 0:
00:01]} 33. Nxg4+ {[%emt 0:00:02]} Kxg4 {[%emt 0:00:01]} 34. Rg8 {[%emt 0:00:
03] Misu2008 resigns} 1-0

[Event "Benidorm Satellite preliminary"]
[Site "playchess.com #007036"]
[Date "2009.10.24"]
[Round "4"]
[White "Immer Letzter"]
[Black "David Lynch"]
[Result "1-0"]
[WhiteElo "2538"]
[BlackElo "2084"]
[PlyCount "107"]
[EventDate "2009.10.24"]
[EventType "swiss (blitz)"]

1. e4 {[%emt 0:00:03]} c5 {[%emt 0:00:01]} 2. Nf3 {[%emt 0:00:01]} d6 {[%emt 0:
00:01]} 3. Bb5+ {[%emt 0:00:01]} Nd7 {[%emt 0:00:01]} 4. d4 {[%emt 0:00:02]}
cxd4 {[%emt 0:00:01]} 5. Qxd4 {[%emt 0:00:02]} Ngf6 {[%emt 0:00:03]} 6. O-O {
[%emt 0:00:04]} a6 {[%emt 0:00:01]} 7. Bxd7+ {[%emt 0:00:02]} Bxd7 {[%emt 0:00:
01]} 8. c4 {[%emt 0:00:02]} e6 {[%emt 0:00:01]} 9. Nc3 {[%emt 0:00:02]} Be7 {
[%emt 0:00:01]} 10. Rd1 {[%emt 0:00:13]} O-O {[%emt 0:00:02]} 11. b3 {[%emt 0:
00:01]} Qc7 {[%emt 0:00:04]} 12. Ba3 {[%emt 0:00:03]} Bc6 {[%emt 0:00:06]} 13.
Bxd6 {[%emt 0:00:31]} Bxd6 {[%emt 0:00:02]} 14. Qxd6 {[%emt 0:00:01]} Qxd6 {
[%emt 0:00:01]} 15. Rxd6 {[%emt 0:00:01]} Nxe4 {[%emt 0:00:02]} 16. Nxe4 {
[%emt 0:00:12]} Bxe4 {[%emt 0:00:00]} 17. Ne5 {[%emt 0:00:01]} Rad8 {[%emt 0:
00:06]} 18. Nd7 {[%emt 0:00:12]} Rfe8 {[%emt 0:00:15]} 19. Rad1 {[%emt 0:00:02]
} Rc8 {[%emt 0:00:43]} 20. f3 {[%emt 0:00:05]} Bf5 {[%emt 0:00:24]} 21. Nb6 {
[%emt 0:00:11]} Rb8 {[%emt 0:00:02]} 22. g4 {[%emt 0:00:08]} Bg6 {[%emt 0:00:
04]} 23. Rd7 {[%emt 0:00:03]} h5 {[%emt 0:00:06]} 24. h3 {[%emt 0:00:02]} hxg4
{[%emt 0:00:01]} 25. hxg4 {[%emt 0:00:01]} e5 {[%emt 0:00:12]} 26. c5 {[%emt 0:
00:07]} f5 {[%emt 0:00:02]} 27. R1d6 {[%emt 0:00:10]} Kh7 {[%emt 0:00:09]} 28.
Rc7 {[%emt 0:00:03]} e4 {[%emt 0:00:25]} 29. gxf5 {[%emt 0:00:06]} Bxf5 {[%emt
0:00:04]} 30. fxe4 {[%emt 0:00:01]} Rxe4 {[%emt 0:00:09]} 31. Nd5 {[%emt 0:00:
02]} Re2 {[%emt 0:00:16]} 32. Nf6+ {[%emt 0:00:08]} Kh8 {[%emt 0:00:02]} 33.
Rxb7 {[%emt 0:00:01]} Rf8 {[%emt 0:00:12]} 34. Nh5 {[%emt 0:00:07]} Be4 {[%emt
0:00:10]} 35. Rxg7 {[%emt 0:00:02]} Re1+ {[%emt 0:00:05]} 36. Kh2 {[%emt 0:00:
01]} Rf2+ {[%emt 0:00:03]} 37. Kg3 {[%emt 0:00:02]} Rg2+ {[%emt 0:00:01]} 38.
Kf4 {[%emt 0:00:01]} Rxg7 {[%emt 0:00:01]} 39. Nxg7 {[%emt 0:00:01]} Kxg7 {
[%emt 0:00:00]} 40. Re6 {[%emt 0:00:01]} Rc1 {[%emt 0:00:05]} 41. Rxe4 {[%emt
0:00:02]} Rxc5 {[%emt 0:00:00]} 42. Ra4 {[%emt 0:00:03]} a5 {[%emt 0:00:02]}
43. Ke3 {[%emt 0:00:05]} Kf6 {[%emt 0:00:01]} 44. Kd4 {[%emt 0:00:01]} Rh5 {
[%emt 0:00:02]} 45. Kc3 {[%emt 0:00:02]} Ke6 {[%emt 0:00:02]} 46. Rd4 {[%emt 0:
00:01]} Rc5+ {[%emt 0:00:03]} 47. Kb2 {[%emt 0:00:01]} Ke5 {[%emt 0:00:01]} 48.
Rd8 {[%emt 0:00:01]} Ke6 {[%emt 0:00:02]} 49. Ka3 {[%emt 0:00:01]} Ke7 {[%emt
0:00:02]} 50. Rd3 {[%emt 0:00:02]} Ke6 {[%emt 0:00:01]} 51. Ka4 {[%emt 0:00:01]
} Rc2 {[%emt 0:00:02]} 52. a3 {[%emt 0:00:01]} Rc5 {[%emt 0:00:01]} 53. Rd8 {
[%emt 0:00:01]} Ke7 {[%emt 0:00:09]} 54. Ra8 {[%emt 0:00:01] David Lynch rinde}
1-0

[Event "Benidorm Satellite preliminary"]
[Site "playchess.com #007036"]
[Date "2009.10.24"]
[Round "4"]
[White "Tpeter"]
[Black "Bartimäus"]
[Result "0-1"]
[WhiteElo "1185"]
[BlackElo "1765"]
[PlyCount "104"]
[EventDate "2009.10.24"]
[EventType "swiss (blitz)"]

1. Nf3 {[%emt 0:00:02]} d5 {[%emt 0:00:02]} 2. g3 {[%emt 0:00:02]} Nf6 {[%emt
0:00:02]} 3. Bg2 {[%emt 0:00:01]} Bf5 {[%emt 0:00:01]} 4. d3 {[%emt 0:00:09]}
h6 {[%emt 0:00:03]} 5. Nc3 {[%emt 0:00:02]} c6 {[%emt 0:00:01]} 6. e4 {[%emt 0:
00:04]} dxe4 {[%emt 0:00:03]} 7. dxe4 {[%emt 0:00:16]} Qxd1+ {[%emt 0:00:02]}
8. Kxd1 {[%emt 0:00:02]} Nxe4 {[%emt 0:00:01]} 9. Nxe4 {[%emt 0:00:06]} Bxe4 {
[%emt 0:00:01]} 10. Ke2 {[%emt 0:00:11]} e6 {[%emt 0:00:04]} 11. Be3 {[%emt 0:
00:17]} Bxc2 {[%emt 0:00:02]} 12. Bh3 {[%emt 0:00:04]} Be4 {[%emt 0:00:05]} 13.
Rhd1 {[%emt 0:00:05]} Nd7 {[%emt 0:00:06]} 14. Rd4 {[%emt 0:00:04]} Bd5 {[%emt
0:00:03]} 15. b3 {[%emt 0:00:03]} Bc5 {[%emt 0:00:05]} 16. Rd3 {[%emt 0:00:06]}
Bxe3 {[%emt 0:00:08]} 17. Rxe3 {[%emt 0:00:04]} O-O {[%emt 0:00:02]} 18. Rd1 {
[%emt 0:00:03]} Nc5 {[%emt 0:00:05]} 19. Nd4 {[%emt 0:00:09]} a5 {[%emt 0:00:
16]} 20. Rc1 {[%emt 0:00:10]} Nd7 {[%emt 0:00:08]} 21. Bg4 {[%emt 0:00:13]} Nf6
{[%emt 0:00:04]} 22. Bf3 {[%emt 0:00:05]} a4 {[%emt 0:00:10]} 23. Bxd5 {[%emt
0:00:10]} Nxd5 {[%emt 0:00:02]} 24. Rd3 {[%emt 0:00:04]} axb3 {[%emt 0:00:02]}
25. axb3 {[%emt 0:00:10]} Ra2+ {[%emt 0:00:02]} 26. Rd2 {[%emt 0:00:04]} Rxd2+
{[%emt 0:00:05]} 27. Kxd2 {[%emt 0:00:01]} Ra8 {[%emt 0:00:02]} 28. Rc2 {[%emt
0:00:02]} Kf8 {[%emt 0:00:06]} 29. f4 {[%emt 0:00:08]} g6 {[%emt 0:00:05]} 30.
Ne2 {[%emt 0:00:10]} Ke7 {[%emt 0:00:05]} 31. Nc3 {[%emt 0:00:13]} Nb4 {[%emt
0:00:05]} 32. Rb2 {[%emt 0:00:11]} Rd8+ {[%emt 0:00:04]} 33. Ke3 {[%emt 0:00:
10]} Rd3+ {[%emt 0:00:03]} 34. Ke2 {[%emt 0:00:09]} Rxc3 {[%emt 0:00:02]} 35.
Rd2 {[%emt 0:00:02]} Rc2 {[%emt 0:00:03]} 36. Rxc2 {[%emt 0:00:08]} Nxc2 {
[%emt 0:00:02]} 37. Kd2 {[%emt 0:00:02]} Nb4 {[%emt 0:00:02]} 38. Kc3 {[%emt 0:
00:02]} Nd5+ {[%emt 0:00:02]} 39. Kd4 {[%emt 0:00:04]} Kd6 {[%emt 0:00:01]} 40.
h4 {[%emt 0:00:06]} h5 {[%emt 0:00:01]} 41. Ke4 {[%emt 0:00:01]} c5 {[%emt 0:
00:09]} 42. Kd3 {[%emt 0:00:02]} b5 {[%emt 0:00:02]} 43. Ke4 {[%emt 0:00:02]}
Nb6 {[%emt 0:00:05]} 44. Kd3 {[%emt 0:00:02]} Kd5 {[%emt 0:00:03]} 45. Kc3 {
[%emt 0:00:02]} c4 {[%emt 0:00:05]} 46. bxc4+ {[%emt 0:00:03]} bxc4 {[%emt 0:
00:01]} 47. Kb4 {[%emt 0:00:03]} Kd4 {[%emt 0:00:03]} 48. Kb5 {[%emt 0:00:04]}
Nd5 {[%emt 0:00:01]} 49. Ka4 {[%emt 0:00:03]} c3 {[%emt 0:00:01]} 50. Kb3 {
[%emt 0:00:01]} Kd3 {[%emt 0:00:01]} 51. Ka2 {[%emt 0:00:04]} c2 {[%emt 0:00:
02]} 52. Kb2 {[%emt 0:00:01]} Kd2 {[%emt 0:00:03] Tpeter resigns  (Lag: Av=0.
32s, max=0.9s)} 0-1

[Event "Benidorm Satellite preliminary"]
[Site "playchess.com #007036"]
[Date "2009.10.24"]
[Round "4"]
[White "Kingsize"]
[Black "Bystrc2010"]
[Result "0-1"]
[WhiteElo "1404"]
[BlackElo "1780"]
[PlyCount "64"]
[EventDate "2009.10.24"]
[EventType "swiss (blitz)"]

1. e4 {[%emt 0:00:01]} c5 {[%emt 0:00:01]} 2. Nf3 {[%emt 0:00:02]} Nc6 {[%emt
0:00:01]} 3. d4 {[%emt 0:00:01]} cxd4 {[%emt 0:00:01]} 4. Nxd4 {[%emt 0:00:01]}
Nf6 {[%emt 0:00:01]} 5. Nxc6 {[%emt 0:00:02]} bxc6 {[%emt 0:00:01]} 6. Bd3 {
[%emt 0:00:01]} e5 {[%emt 0:00:02]} 7. c4 {[%emt 0:00:01]} Be7 {[%emt 0:00:01]}
8. O-O {[%emt 0:00:02]} O-O {[%emt 0:00:01]} 9. Nc3 {[%emt 0:00:01]} d6 {[%emt
0:00:04]} 10. Be3 {[%emt 0:00:01]} Be6 {[%emt 0:00:02]} 11. Qe2 {[%emt 0:00:01]
} Qc7 {[%emt 0:00:04]} 12. f3 {[%emt 0:00:03]} Rfd8 {[%emt 0:00:06]} 13. b3 {
[%emt 0:00:01]} Qb7 {[%emt 0:00:08]} 14. Rad1 {[%emt 0:00:02]} Rac8 {[%emt 0:
00:18]} 15. Qf2 {[%emt 0:00:15]} a6 {[%emt 0:00:13]} 16. Na4 {[%emt 0:00:35]}
c5 {[%emt 0:00:09]} 17. Nc3 {[%emt 0:00:07]} h6 {[%emt 0:00:05]} 18. Nd5 {
[%emt 0:00:02]} Nxd5 {[%emt 0:00:16]} 19. exd5 {[%emt 0:00:02]} Bd7 {[%emt 0:
00:06]} 20. Bb1 {[%emt 0:00:12]} Rf8 {[%emt 0:00:08]} 21. Qc2 {[%emt 0:00:09]}
f5 {[%emt 0:00:11]} 22. Qf2 {[%emt 0:00:04]} Bf6 {[%emt 0:00:10]} 23. Qc2 {
[%emt 0:00:17]} Rce8 {[%emt 0:00:16]} 24. g4 {[%emt 0:00:04]} e4 {[%emt 0:00:
23]} 25. Kh1 {[%emt 0:00:16]} Qc8 {[%emt 0:00:10]} 26. Rde1 {[%emt 0:00:35]}
fxg4 {[%emt 0:00:13]} 27. fxe4 {[%emt 0:00:07]} Be5 {[%emt 0:00:07]} 28. Qd2 {
[%emt 0:00:20]} Rxf1+ {[%emt 0:00:02]} 29. Rxf1 {[%emt 0:00:02]} Rf8 {[%emt 0:
00:03]} 30. Rg1 {[%emt 0:00:18]} Qe8 {[%emt 0:00:09]} 31. Bxh6 {[%emt 0:00:03]}
Qh5 {[%emt 0:00:10]} 32. Be3 {[%emt 0:00:12]} Rf3 {[%emt 0:00:12] ' . Time} 0-1

[Event "Benidorm Satellite preliminary"]
[Site "playchess.com #007036"]
[Date "2009.10.24"]
[Round "4"]
[White "Chessmaestro"]
[Black "Rashid"]
[Result "1-0"]
[WhiteElo "2650"]
[BlackElo "2138"]
[PlyCount "101"]
[EventDate "2009.10.24"]
[EventType "swiss (blitz)"]

1. d4 {[%emt 0:00:01]} d5 {[%emt 0:00:02]} 2. c4 {[%emt 0:00:01]} c6 {[%emt 0:
00:06]} 3. Nf3 {[%emt 0:00:02]} Nf6 {[%emt 0:00:01]} 4. Nc3 {[%emt 0:00:01]}
dxc4 {[%emt 0:00:08]} 5. a4 {[%emt 0:00:01]} Bf5 {[%emt 0:00:02]} 6. Ne5 {
[%emt 0:00:02]} Nbd7 {[%emt 0:00:06]} 7. Nxc4 {[%emt 0:00:02]} Nb6 {[%emt 0:00:
04]} 8. Ne5 {[%emt 0:00:01]} a5 {[%emt 0:00:02]} 9. g3 {[%emt 0:00:02]} e6 {
[%emt 0:00:24]} 10. Bg2 {[%emt 0:00:03]} Bb4 {[%emt 0:00:11]} 11. O-O {[%emt 0:
00:01]} O-O {[%emt 0:00:02]} 12. Re1 {[%emt 0:00:21]} Nbd5 {[%emt 0:00:09]} 13.
Bd2 {[%emt 0:00:04]} Bg6 {[%emt 0:00:30]} 14. e4 {[%emt 0:00:03]} Nb6 {[%emt 0:
00:07]} 15. Bg5 {[%emt 0:00:17]} Be7 {[%emt 0:00:05]} 16. h4 {[%emt 0:00:06]}
h6 {[%emt 0:00:34]} 17. Nxg6 {[%emt 0:00:02]} fxg6 {[%emt 0:00:00]} 18. Be3 {
[%emt 0:00:02]} h5 {[%emt 0:00:08]} 19. Qb3 {[%emt 0:00:05]} Ng4 {[%emt 0:00:
11]} 20. Qxe6+ {[%emt 0:00:06]} Kh7 {[%emt 0:00:01]} 21. e5 {[%emt 0:00:37]}
Bxh4 {[%emt 0:00:07]} 22. Be4 {[%emt 0:00:09]} Bf6 {[%emt 0:00:31]} 23. exf6 {
[%emt 0:00:05]} Rxf6 {[%emt 0:00:00]} 24. Qb3 {[%emt 0:00:05]} Nd5 {[%emt 0:00:
11]} 25. Nxd5 {[%emt 0:00:02]} cxd5 {[%emt 0:00:00]} 26. Qxd5 {[%emt 0:00:01]}
Qf8 {[%emt 0:00:01]} 27. Qxh5+ {[%emt 0:00:02]} Nh6 {[%emt 0:00:03]} 28. Bxh6 {
[%emt 0:00:09]} gxh6 {[%emt 0:00:04]} 29. Qe2 {[%emt 0:00:01]} Kg7 {[%emt 0:00:
04]} 30. Rac1 {[%emt 0:00:01]} Re8 {[%emt 0:00:01]} 31. Rc7+ {[%emt 0:00:01]}
Rf7 {[%emt 0:00:01]} 32. Rxf7+ {[%emt 0:00:02]} Qxf7 {[%emt 0:00:00]} 33. d5 {
[%emt 0:00:02]} Qf6 {[%emt 0:00:09]} 34. Qd2 {[%emt 0:00:02]} h5 {[%emt 0:00:
01]} 35. d6 {[%emt 0:00:01]} h4 {[%emt 0:00:01]} 36. d7 {[%emt 0:00:01]} Rd8 {
[%emt 0:00:01]} 37. Bg2 {[%emt 0:00:16] .} hxg3 {[%emt 0:00:01]} 38. fxg3 {
[%emt 0:00:01]} Qb6+ {[%emt 0:00:02]} 39. Qf2 {[%emt 0:00:01]} Qxf2+ {[%emt 0:
00:02]} 40. Kxf2 {[%emt 0:00:01]} Rxd7 {[%emt 0:00:00]} 41. Re6 {[%emt 0:00:02]
} Rd2+ {[%emt 0:00:01]} 42. Re2 {[%emt 0:00:02]} Rd7 {[%emt 0:00:01]} 43. b3 {
[%emt 0:00:01]} Kh7 {[%emt 0:00:01]} 44. Re6 {[%emt 0:00:01]} Rd2+ {[%emt 0:00:
03]} 45. Kg1 {[%emt 0:00:01]} Rd7 {[%emt 0:00:01]} 46. Rb6 {[%emt 0:00:01]}
Rd1+ {[%emt 0:00:01]} 47. Kh2 {[%emt 0:00:01]} Kh6 {[%emt 0:00:01]} 48. Be4 {
[%emt 0:00:01]} Rd2+ {[%emt 0:00:01]} 49. Kh3 {[%emt 0:00:01]} Kh5 {[%emt 0:00:
05]} 50. Rxg6 {[%emt 0:00:09]} Rd3 {[%emt 0:00:08]} 51. Bxd3 {[%emt 0:00:01]
Rashid gibt auf} 1-0

[Event "Benidorm Satellite preliminary"]
[Site "playchess.com #007036"]
[Date "2009.10.24"]
[Round "4"]
[White "Diego Hidalgo"]
[Black "Schachriese"]
[Result "0-1"]
[WhiteElo "1868"]
[BlackElo "2583"]
[PlyCount "72"]
[EventDate "2009.10.24"]
[EventType "swiss (blitz)"]

1. e4 {[%emt 0:00:02]} c5 {[%emt 0:00:02]} 2. Nf3 {[%emt 0:00:01]} e6 {[%emt 0:
00:01]} 3. d4 {[%emt 0:00:01]} cxd4 {[%emt 0:00:01]} 4. Nxd4 {[%emt 0:00:00]}
Nf6 {[%emt 0:00:01]} 5. Nc3 {[%emt 0:00:01]} Nc6 {[%emt 0:00:01]} 6. Be3 {
[%emt 0:00:11]} Bb4 {[%emt 0:00:06]} 7. f3 {[%emt 0:00:07]} d5 {[%emt 0:00:06]}
8. Bb5 {[%emt 0:00:15]} O-O {[%emt 0:00:16]} 9. Bxc6 {[%emt 0:00:24]} bxc6 {
[%emt 0:00:06]} 10. e5 {[%emt 0:00:15]} Nd7 {[%emt 0:00:18]} 11. Nxc6 {[%emt 0:
00:08]} Bxc3+ {[%emt 0:00:02]} 12. bxc3 {[%emt 0:00:01]} Qc7 {[%emt 0:00:02]}
13. Ne7+ {[%emt 0:00:03]} Kh8 {[%emt 0:00:01]} 14. Nxc8 {[%emt 0:00:01]} Qxc3+
{[%emt 0:00:19]} 15. Kf2 {[%emt 0:00:16]} Rfxc8 {[%emt 0:00:02]} 16. Rc1 {
[%emt 0:00:27]} Nxe5 {[%emt 0:00:15]} 17. Bd4 {[%emt 0:00:05]} Qc7 {[%emt 0:00:
05]} 18. Re1 {[%emt 0:00:15]} Nc4 {[%emt 0:00:02]} 19. Kg1 {[%emt 0:00:11]} e5
{[%emt 0:00:06]} 20. Bf2 {[%emt 0:00:12]} Rd8 {[%emt 0:00:05]} 21. Qd3 {[%emt
0:00:11]} Rab8 {[%emt 0:00:11]} 22. Bg3 {[%emt 0:00:02]} f6 {[%emt 0:00:05]}
23. h4 {[%emt 0:00:06]} Rb2 {[%emt 0:00:03]} 24. h5 {[%emt 0:00:05]} h6 {[%emt
0:00:12]} 25. Rb1 {[%emt 0:00:18]} Qb6+ {[%emt 0:00:04]} 26. Bf2 {[%emt 0:00:
06]} Qb7 {[%emt 0:00:22] '} 27. Rxb2 {[%emt 0:00:02]} Nxb2 {[%emt 0:00:02]} 28.
Qf5 {[%emt 0:00:04]} Nc4 {[%emt 0:00:03]} 29. Bh4 {[%emt 0:00:05]} Qd7 {[%emt
0:00:11]} 30. Qg6 {[%emt 0:00:02]} Qe8 {[%emt 0:00:10]} 31. Qf5 {[%emt 0:00:02]
} Nd6 {[%emt 0:00:04]} 32. Qd3 {[%emt 0:00:02]} Qxh5 {[%emt 0:00:03]} 33. Bf2 {
[%emt 0:00:04]} Qf7 {[%emt 0:00:02]} 34. Rb1 {[%emt 0:00:02]} Nc4 {[%emt 0:00:
05]} 35. c3 {[%emt 0:00:03]} Qc7 {[%emt 0:00:02]} 36. Qc2 {[%emt 0:00:02]} Na3
{[%emt 0:00:02] Tiempo} 0-1

[Event "Benidorm Satellite preliminary"]
[Site "playchess.com #007036"]
[Date "2009.10.24"]
[Round "4"]
[White "Phlegias"]
[Black "Aage"]
[Result "1-0"]
[WhiteElo "1922"]
[BlackElo "1698"]
[PlyCount "77"]
[EventDate "2009.10.24"]
[EventType "swiss (blitz)"]

1. e4 {[%emt 0:00:01]} d5 {[%emt 0:00:05]} 2. exd5 {[%emt 0:00:10]} Nf6 {[%emt
0:00:02]} 3. g3 {[%emt 0:00:02]} Nxd5 {[%emt 0:00:06]} 4. Bg2 {[%emt 0:00:01]}
e6 {[%emt 0:00:13]} 5. Nf3 {[%emt 0:00:02]} Bd6 {[%emt 0:00:13]} 6. O-O {[%emt
0:00:04]} O-O {[%emt 0:00:01]} 7. d4 {[%emt 0:00:02]} Nd7 {[%emt 0:00:02]} 8.
Re1 {[%emt 0:00:07]} c6 {[%emt 0:00:01]} 9. b3 {[%emt 0:00:07]} Qc7 {[%emt 0:
00:02]} 10. c4 {[%emt 0:00:02]} Ne7 {[%emt 0:00:02]} 11. Bb2 {[%emt 0:00:01]}
Ng6 {[%emt 0:00:02]} 12. Nbd2 {[%emt 0:00:03]} Be7 {[%emt 0:00:01]} 13. Ne4 {
[%emt 0:00:07]} Nf6 {[%emt 0:00:02]} 14. Qe2 {[%emt 0:00:09]} Nxe4 {[%emt 0:00:
01]} 15. Qxe4 {[%emt 0:00:02]} Bf6 {[%emt 0:00:02]} 16. Ne5 {[%emt 0:00:05]}
Rb8 {[%emt 0:00:08]} 17. h4 {[%emt 0:00:23]} Bxe5 {[%emt 0:00:08]} 18. dxe5 {
[%emt 0:00:02]} Rd8 {[%emt 0:00:07]} 19. Ba3 {[%emt 0:00:03]} Qb6 {[%emt 0:00:
17]} 20. Bd6 {[%emt 0:00:04]} Ra8 {[%emt 0:00:01]} 21. h5 {[%emt 0:00:04]} Nf8
{[%emt 0:00:05]} 22. Re3 {[%emt 0:00:21]} Bd7 {[%emt 0:00:03]} 23. g4 {[%emt 0:
00:03]} Be8 {[%emt 0:00:06]} 24. Qf4 {[%emt 0:00:13]} h6 {[%emt 0:00:05]} 25.
Be4 {[%emt 0:00:04]} Nh7 {[%emt 0:00:11]} 26. c5 {[%emt 0:00:13]} Qa5 {[%emt 0:
00:08]} 27. b4 {[%emt 0:00:07]} Qa4 {[%emt 0:00:10]} 28. a3 {[%emt 0:00:14]}
Ng5 {[%emt 0:00:02]} 29. Bd3 {[%emt 0:00:04]} Kh8 {[%emt 0:00:10]} 30. Qc4 {
[%emt 0:00:03]} f5 {[%emt 0:00:49]} 31. exf6 {[%emt 0:00:08]} gxf6 {[%emt 0:00:
04]} 32. f4 {[%emt 0:00:02]} Nh7 {[%emt 0:00:07]} 33. Qe4 {[%emt 0:00:08]} f5 {
[%emt 0:00:08]} 34. gxf5 {[%emt 0:00:01]} exf5 {[%emt 0:00:13]} 35. Qxf5 {
[%emt 0:00:04]} Rd7 {[%emt 0:00:03]} 36. Rxe8+ {[%emt 0:00:14] .} Rxe8 {[%emt
0:00:02]} 37. Qxd7 {[%emt 0:00:01]} Rg8+ {[%emt 0:00:04]} 38. Kh2 {[%emt 0:00:
06]} Qc2+ {[%emt 0:00:06]} 39. Bxc2 {[%emt 0:00:01] Time} 1-0